| 000 | 00787cam a2200229 a 4500 | ||
|---|---|---|---|
| 001 | 1578828 | ||
| 005 | 20180221073803.0 | ||
| 008 | 930125s1993 mdu b 001 0 eng | ||
| 010 | _a 93020084 | ||
| 020 |
_a1557661405 : _c$30.00 |
||
| 040 |
_aDLC _cDLC _dDLC |
||
| 041 | _aeng | ||
| 080 | _a306.70874 lyd | ||
| 082 | 0 | 0 |
_a306.70874 lyd _220 |
| 100 | 1 | _a50 | |
| 101 | _apsi | ||
| 245 | 1 | 0 |
_aSexuality and people with intellectual disability / _cLydia Fegan and Anne Rauch. |
| 504 | _aIncludes bibliographical references (p. 123-128) and index. | ||
| 906 |
_a7 _bcbc _corignew _d1 _eocip _f19 _gy-gencatlg |
||
| 942 |
_2ddc _cBK |
||
| 999 |
_c43066 _d43066 |
||